Normal view
MARC view
Entry Personal Name
001 - CONTROL NUMBER
- control field: 1011194
003 - CONTROL NUMBER IDENTIFIER
- control field: OSt
005 - DATE AND TIME OF LATEST TRANSACTION
- control field: 20260121154748.0
008 - FIXED-LENGTH DATA ELEMENTS
- fixed length control field: 260121|| aca||aabn | a|a d
040 ## - CATALOGING SOURCE
- Original cataloging agency: OSt
- Transcribing agency: OSt
100 ## - HEADING--PERSONAL NAME
- Personal name: Simon L. Dolan
670 ## - SOURCE DATA FOUND
- Source citation: Work cat.: (OSt)1578015: Simon L. Dolan , The Secret of Coaching and Leading by Values
